000 01000cam a2200241 4500
008 010921n2002 000 0 eng u
020 _a1841131725
035 _a(Sirsi) u114740
041 _aeng.
050 _a341.762094
100 _aKramer, L.
245 _aCasebook on EU environmental law
250 _a2nd ed.
260 _aOregon
_bHart
_c2002
300 _axli,440p.
_c24cm.
350 _a35
520 _aProvides an insight into the jurisdiction of the European Courts. Comments on fifty key judgments which the Court of Justice and the Court of First Instance have given on European Community environmental law. For each judgment, the facts and procedures are described. This is followed by an extract of the essential parts of the judgment and a commentary, which place the judgment into its legal, environmental and political context.
650 _aEU
650 _aENVIRONMENTAL LAW
650 _aEUROPEAN LAW
690 _aENVIRONMENT-ENVIRONMENTAL LAW
942 _n0
999 _c101653
_d101653